Experin̊cias de justiȧ de transiȯ̂ aspectos relevantes /

Bibliographic Details
Main Author: Oliveira da Silveira, Vladmir
Other Authors: Meyer-Pflug, Samantha Ribeiro
Format: eBook
Language:Portuguese
Published: San Pablo: Letras Jurídicas Editora, 2015
Subjects:
Online Access:Acceso restringido

MARC

LEADER 00000nam a22000007a 4500
005 20200722235332.0
007 cr|||| ||||
008 200722s2015 br |||||s|||| 00||0 por d
020 |a 978-85-8248-069-4 
035 |a 31842 
040 |a vLex 
090 |c 10691  |d 10691 
100 1 |a Oliveira da Silveira, Vladmir 
245 1 0 |a Experin̊cias de justiȧ de transiȯ̂  |h [Recurso electrn̤ico] :  |b aspectos relevantes /  |c Vladmir Oliveira da Silveira, Samantha Ribeiro Meyer-Pflug 
256 |a Servicio en ln̕ea 
260 |a San Pablo:  |b Letras Jurídicas Editora,  |c 2015 
300 |a 1 recurso electrn̤ico 
500 |a Apresentaȯ̂ Essa obra, por ns̤ organizada, leva a efeito uma investigaȯ̂ da justiȧ de transiȯ̂ em cada um dos Pas̕es (Uruguai, Argentina, Peru, Brasil e ℓfrica do Sul) e/ou Regie̳s (Amřica Latina e Sistemas Regional e Universal) estudados, com vistas a identificar quais os traȯs comuns e distintos desse processo. O estudo da justiȧ de transiȯ̂ se torna cada vez mais atual e relevante, pois, por meio da anl̀ise desse processo, ̌possv̕el definir e avaliar o grau de democracia de cada Estado e quais as politicas publicas implantadas para consolidar o regime democrt̀ico e evitar a volta de regimes ditatoriais e opressores. No entanto, h ̀que se considerar que esses regimes autoritr̀ios nô sô iguais, se deram de maneira diferentes em cada pas̕, embora na sua essn̊cia sejam bastante semelhantes. 
506 1 |a Disponible solo en los productos indicados  |d vLex Global  |d vLex Global (Academic Edition, excluding Law Schools)  |d vLex Global (U.S. Academic Edition, Law Schools)  |d vLex Global (U.S. Academic Edition, excluding Law Schools)  |d vLex Global (Academic Edition, Law Schools) 
650 0 4 |a Derecho Constitucional  |z Brasil 
700 1 |a Meyer-Pflug, Samantha Ribeiro 
740 0 |a vLex Libros (Servicio en ln̕ea) 
856 4 0 |u http://vlex.com/source/experi-ncias-de-justi-a-de-transi-o-aspectos-relevantes-31842  |z Acceso restringido 
942 |c BOOK 
999 0 |a Constitutional right